Logística estadística : gestión e indicadores en la cadena de suministro / (Record no. 5511)

MARC details
000 -LEADER
campo de control de longitud fija 02433nam a22004217a 4500
003 - IDENTIFICADOR DE NÚMERO DE CONTROL
campo de control BO-EaUP
005 - FECHA Y HORA DE LA ÚLTIMA TRANSACCIÓN
campo de control 20260504170128.0
008 - DATOS DE LONGITUD FIJA--INFORMACIÓN GENERAL
campo de control de longitud fija 260504b2022 ck ad|||ri||| 00| 0 spa d
020 ## - NÚMERO INTERNACIONAL ESTÁNDAR DEL LIBRO
Número Internacional Estándar del Libro 978-958-503-237-8
040 ## - FUENTE DE CATALOGACIÓN
Centro catalogador/agencia de origen BO-EaUP
Centro/agencia transcriptor Biblioadmiempresas
Normas de descripción RDA
Lengua de catalogación spa
041 ## - CÓDIGO DE IDIOMA
Código de lengua del texto/banda sonora o título independiente spa
Código de lengua original spa
043 ## - CÓDIGO DE ÁREA GEOGRÁFICA
Código de área geográfica s-ck
082 ## - NÚMERO DE LA CLASIFICACIÓN DECIMAL DEWEY
Número de edición 21
Número de clasificación 658.788
092 ## - ASIGNACIÓN LOCAL DE SIGNATURA TOPOGRÁFICA DEWEY (OCLC)
Número de clasificación 658.788
Signatura Librística S5874l
100 ## - ENTRADA PRINCIPAL--NOMBRE DE PERSONA
Nombre de persona Silvera Escudero, Rodolfo Enrique
Término indicativo de función/relación Autor
9 (RLIN) 55
245 10 - MENCIÓN DEL TÍTULO
Título Logística estadística : gestión e indicadores en la cadena de suministro /
Mención de responsabilidad, etc. Rodolfo Silvera E.
250 ## - MENCION DE EDICION
Mención de edición Primera edición
260 ## - PUBLICACIÓN, DISTRIBUCIÓN, ETC.
Lugar de publicación, distribución, etc. Bogotá :
Nombre del editor, distribuidor, etc. Ecoe Ediciones,
Fecha de publicación, distribución, etc. 2022
300 ## - DESCRIPCIÓN FÍSICA
Extensión xx, 162 páginas ;
Otras características físicas Ilustraciones, cuadros, tablas.-- (Ciencias empresariales. Logística) ;
Dimensiones 17 x 24 centímetros ;
Tipo de unidad Rústico
336 ## - TIPO DE CONTENIDO
Fuente rdacontenido
Término de tipo de contenido texto
Código de tipo de contenido txt
337 ## - TIPO DE MEDIO
Fuente rdamedia
Nombre/término del tipo de medio no mediado
Código del tipo de medio n
338 ## - TIPO DE SOPORTE
Nombre/término del tipo de soporte volumen
Código del tipo de soporte nc
Fuente rdacarrier
505 2# - NOTA DE CONTENIDO CON FORMATO
Nota de contenido con formato Capítulo 1. Informes logísticos con aplicación de cuadros y gráficas estadísticas
505 2# - NOTA DE CONTENIDO CON FORMATO
Nota de contenido con formato Capítulo 2. Medidas de tendencia central aplicadas al aprovisionamiento de las mercancías
505 2# - NOTA DE CONTENIDO CON FORMATO
Nota de contenido con formato Capítulo 3. Medidas de dispersión aplicadas al inventario y al almacenamiento de las mercancías.-
505 2# - NOTA DE CONTENIDO CON FORMATO
Nota de contenido con formato Capítulo 4. Indicadores logísticos estadísticos aplicados al transporte y distribución de las cargas.-
505 2# - NOTA DE CONTENIDO CON FORMATO
Nota de contenido con formato Capítulo 5. Operaciones logísticas en los centros de distribución con herramientas estadísticas.-
505 2# - NOTA DE CONTENIDO CON FORMATO
Nota de contenido con formato Capítulo 6. Almacenamiento y distribución de las cargas de los operadores logísticos con utilización estadística.-
505 2# - NOTA DE CONTENIDO CON FORMATO
Nota de contenido con formato Capítulo 7. Ejercicios generales propuestos del libro.--
520 ## - RESUMEN, ETC.
Sumario, etc. Este libro se caracteriza por el manejo de ejercicios prácticos aplicados a los procesos logísticos de las empresas en general.
521 ## - NOTA DE PÚBLICO DESTINATARIO
Nota de público destinatario Esta obra va dirigida a estudiantes técnicos y tecnólogos en gestión logística, coordinadores de procesos logísticos, en desarrollo de operaciones logística y en integración de procesos logísticos, así como a estudiantes de pregrado y profesionales en Administración de Empresas, Economía, Ingeniería Industrial y Administración Logística.
650 ## - PUNTO DE ACCESO ADICIONAL DE MATERIA--TÉRMINO DE MATERIA
Término de materia o nombre geográfico como elemento de entrada LOGÍSTICA EMPRESARIAL
9 (RLIN) 1651
650 ## - PUNTO DE ACCESO ADICIONAL DE MATERIA--TÉRMINO DE MATERIA
Término de materia o nombre geográfico como elemento de entrada OPERACIONES Y PROYECTOS
9 (RLIN) 5926
653 ## - TÉRMINO DE INDIZACIÓN--NO CONTROLADO
Término no controlado ADMINISTRACIÓN DE MATERIALES
653 ## - TÉRMINO DE INDIZACIÓN--NO CONTROLADO
Término no controlado CADENA DE ABASTECIMIENTOS
653 ## - TÉRMINO DE INDIZACIÓN--NO CONTROLADO
Término no controlado DISTRIBUCIÓN FISICA DE MERCANCÍAS
942 ## - ELEMENTOS DE ENTRADA SECUNDARIOS (KOHA)
Fuente del sistema de clasificación o colocación Clasificación Decimal Dewey
Tipo de ítem Koha Libros
Suprimir en OPAC No
Edición 21
Holdings
Estatus retirado Estado de pérdida Fuente del sistema de clasificación o colocación Estado de daño No para préstamo Colección Biblioteca de origen Biblioteca actual Ubicación en estantería Fecha de adquisición Fuente de adquisición Número de inventario Total de préstamos Signatura topográfica completa Código de barras Visto por última vez Copia número Precio de reemplazo Tipo de ítem Koha
    Clasificación Decimal Dewey     Logística empresarial Biblioteca Especializada de Administración de Empresas Biblioteca Especializada de Administración de Empresas Administracion financiera 04/05/2026 Compra HBAEOA06-0589   658.788/S5874l 658.788/S5874l 04/05/2026 1 04/05/2026 Libros